Co dělat, aby se vaše děti správně chovaly /
Uloženo v:
| Hlavní autor: | |
|---|---|
| Další autoři: | |
| Médium: | Kniha |
| Jazyk: | Czech |
| Vydáno: |
Praha :
Portál,
2000
|
| Vydání: | 1. vyd. |
| Edice: | Rádci pro rodiče a vychovatele
|
| Témata: | |
| Celkem bylo vypůjčeno: | 28x |
| Tagy: |
Žádné tagy |
| LEADER | 01181nam a2200325 a 4500 | ||
|---|---|---|---|
| 001 | 46469 | ||
| 005 | 20240610193215.0 | ||
| 008 | 000222s2000----xr ---------u-------cze-d | ||
| 015 | |a cnb000784967 | ||
| 020 | |a 80-7178-368-4 : |c 215.00 Kč | ||
| 040 | |a UOG502 |e AACR2 |9 1 |b cze | ||
| 041 | 1 | |a cze |h eng | |
| 080 | |a 173 | ||
| 080 | |a 37.03 | ||
| 080 | |a 173.5/.7 | ||
| 080 | |a 316.614 | ||
| 080 | |a 159.9 | ||
| 100 | 1 | |a Severe, Sal |7 xx0050213 |4 aut |9 43012 | |
| 245 | 1 | 0 | |a Co dělat, aby se vaše děti správně chovaly / |c Sal Severe ; [z anglického originálu přeložil Milan Koldinský] |
| 250 | |a 1. vyd. | ||
| 260 | |a Praha : |b Portál, |c 2000 | ||
| 300 | |a 195 s. | ||
| 490 | 1 | |a Rádci pro rodiče a vychovatele | |
| 653 | |a děti |a rodiče |a výchova |a rodinná výchova |a rodina |a rádce |a rady |a informace |a příručky | ||
| 700 | 1 | |a Koldinský, Milan |7 jx20040205010 |4 trl |9 21363 | |
| 830 | 0 | |a Rádci pro rodiče a vychovatele | |
| 910 | |a UOG502 | ||
| 999 | |c 46469 |d 46469 | ||
| 942 | 0 | 0 | |0 28 |
| 993 | |0 0 |1 421180050177 |2 ddc |4 0 |6 37_000000000000000 |7 0 |9 27582 |a 215.00 |b 0 |c 50177 |d 2000-02-22 |e 28 |f SKLAD |g 37 |h 215.00 |i Zámecké knihkupectví |j 4 |l SKLAD |r 2023-08-22 |t 5 |w 2017-09-19 |y KN |z NAUCNA | ||